| 000 | 00509cam a2200205 4500 | ||
|---|---|---|---|
| 001 | 1746218 | ||
| 003 | OSt | ||
| 005 | 20160511144431.0 | ||
| 008 | 700130s1969 nyuac 000 0 eng | ||
| 010 | _a 75105719 | ||
| 040 | _aSEKU | ||
| 050 | 0 | 0 |
_aJC591 _b.C28 |
| 100 | 1 |
_aClancy, Tom, date. _ecomp. |
|
| 245 | 1 | 0 | _aClear and present danger; |
| 260 |
_aNew York, _bPegasus _c[1969] |
||
| 300 |
_axx, 271 p. _billus., port. _c21 cm. |
||
| 350 | _a2.25 | ||
| 650 | 0 | _aFreedom of speech. | |
| 942 |
_2lcc _cGEN |
||
| 999 |
_c13775 _d13775 |
||